Music : an appreciation
Saved in:
| Main Author: | |
|---|---|
| Format: | Book |
| Language: | English |
| Published: |
McGraw-Hill Education
2015
|
| Tags: |
Add Tag
No Tags, Be the first to tag this record!
|
MARC
| LEADER | 00000nam a22000007a 4500 | ||
|---|---|---|---|
| 008 | 201221b ||||| |||| 00| 0 eng d | ||
| 020 | |a 978-1-259-09489-7 | ||
| 100 | |a KAMIEN, Roger. |a Kamien, Anita | ||
| 245 | |a Music |b : an appreciation |c Roger Kamien with Anita Kamien. |g xxxix, 584p.; ill. | ||
| 250 | |b 11th ed. | ||
| 260 | |b McGraw-Hill Education |c 2015 |h New York |i 689797 |l MT90 .K12 |m Music appreciation. | ||
| 500 | |a It includes index | ||
| 942 | |a lcc |c BK |e Kuteyi, M. A. |f 21/12/2020 | ||
| 952 | |0 0 |1 0 |2 lcc |4 0 |6 MT0090 K12 |7 0 |9 990 |a HOL |b HOL |c LP |d 2020-12-21 |l 0 |o MT90 .K12 |p 2020-230214 |r 2020-12-21 00:00:00 |w 2020-12-21 |y BK | ||
| 999 | |c 510 |d 510 | ||